000 00552nam a22002177a 4500
999 _c7852
_d7852
001 7852
003 BD-JhCC
005 20180214173110.0
008 180214s1974 bg ap||| |||| 00| 0 eng d
035 _a(BD-JhCC)7852
040 _aBD-JhCC
_dBD-JhCC
041 _aeng
082 _a574
_bMAJ 1974
100 _aMajid, M. A.
245 _aHigher Secondary Biology /
_cM. A. Majid
260 _aDhaka :
_bBangladesh Book Corporation,
_c1974.
300 _aMul. :
_bill.;
_c22 cm.
504 _aIncludes Glossary
650 _aBiology
942 _2ddc
_cBK